000 00820nam a2200241 a 4500
005 20240914063744.0
008 991125 20062013mx 000 0 spa u
020 _a9682477271 (10 dígitos)
020 _a9789682477270 (13 dígitos)
035 _aUPN01000175366
049 _aCG
050 4 _aHF5549
_bA7.2 2006
100 1 _aArias Galicia, L. Fernando
_928747
245 1 0 _aAdministración de recursos humanos :
_bpara el alto desempeño /
_cL. Fernando Arias Galicia, Víctor Heredia Espinosa.
250 _a6a ed.
260 _aMéxico :
_bTrillas,
_c2006. (2013, impr.)
300 _a768 p. :
_bcuadros, gráfs.
650 4 _aAdministración
_vManuales
_9426
650 4 _aPERSONAL -
_xDIRECCION
_911025
650 2 _aRecursos humanos
_99244
700 1 _aHeredia Espinosa, Víctor,
_ecoaut.
905 _aLibro
999 _c147470
_d147470